Normal view
MARC view
- Ahmed, Naeem Baloch
Entry Personal Name
001 - CONTROL NUMBER
- control field: 109110
003 - CONTROL NUMBER IDENTIFIER
- control field: NUST
005 - DATE AND TIME OF LATEST TRANSACTION
- control field: 20230215183145.0
008 - FIXED-LENGTH DATA ELEMENTS
- fixed length control field: 230215|| aca||aabn | a|a d
040 ## - CATALOGING SOURCE
- Original cataloging agency: NUST
- Transcribing agency: NUST
100 ## - HEADING--PERSONAL NAME
- Personal name: Ahmed, Naeem Baloch
670 ## - SOURCE DATA FOUND
- Source citation: Work cat.: (NUST)217207: Ahmed, Naeem Baloch, Ujalon ki Manzil / اجالو کی منزل (Urdu) /
